[Event "X JUBILEUSZOWY MIEDZYNARODOWY TURNIEJ SZACHOWY - GORA SW. ANNY - OPEN A"]
[Site "Gora Sw. Anny"]
[Date "1899-12-30"]
[Round "6.8"]
[White "Dmochowska, Agnieszka"]
[Black "Samborski, Henryk"]
[Result "1-0"]
[WhiteTitle "WCM"]
[BlackTitle "k"]
[WhiteElo "2184"]
[BlackElo "2097"]

1. e4 c5 2. Nf3 d6 3. d4 cxd4 4. Nxd4 Nf6 5. Nc3 a6 6. Bg5 Nbd7 7. Bc4 g6 8. Qd2
Bg7 9. O-O O-O 10. Kh1 Qc7 11. Bd5 Nc5 12. Rae1 e6 13. Bb3 b5 14. f3 b4 15. Nd1
a5 16. Bc4 Bd7 17. c3 Rab8 18. b3 Rfc8 19. Nc2 bxc3 20. Nxc3 Na4 21. Nxa4 Bxa4
22. Rc1 Bc6 23. Nd4 Qd7 24. Nxc6 Rxc6 25. Qxa5 Rc5 26. Qd2 Rbc8 27. Be3 R5c7 28.
a4 d5 29. Bb5 Qe7 30. e5 Nd7 31. f4 g5 32. g3 Nc5 33. Qb2 gxf4 34. gxf4 Ne4 35.
Rxc7 Rxc7 36. Rg1 Rc3 37. Bd4 Qh4 38. Bxc3 Nf2+ 39. Kg2 Nh3 40. Rf1 Bh6 41. Be1
Nxf4+ 42. Kh1 Qh5 43. Bg3 1-0

[Event "X JUBILEUSZOWY MIEDZYNARODOWY TURNIEJ SZACHOWY - GORA SW. ANNY - OPEN A"]
[Site "Gora Sw. Anny"]
[Date "1899-12-30"]
[Round "6.9"]
[White "Garbowski, Jakub"]
[Black "Kiolbasa, Oliwia"]
[Result "1/2-1/2"]
[WhiteTitle "k"]
[BlackTitle "WIM"]
[WhiteElo "2059"]
[BlackElo "2208"]

1. e4 e5 2. Nf3 Nc6 3. Bb5 a6 4. Ba4 Nf6 5. O-O Be7 6. Re1 b5 7. Bb3 O-O 8. c3
d6 9. d4 Bg4 10. Be3 exd4 11. cxd4 Na5 12. Bc2 Nc4 13. Bc1 Nd7 14. b3 Ncb6 15.
h3 Bh5 16. a4 c5 17. Bb2 cxd4 18. axb5 Bf6 19. Bd3 axb5 20. g4 Bg6 21. Rxa8 Qxa8
22. Bxd4 Re8 23. Bxb5 Rxe4 24. Rxe4 Bxe4 25. Nbd2 Bb7 26. Kh2 Ne5 27. Nxe5 Bxe5+
28. Bxe5 dxe5 29. Qe2 e4 30. Nc4 Nxc4 31. Bxc4 Qb8+ 32. Kg1 Qe5 33. Qd2 Qa1+ 34.
Kh2 Qe5+ 35. Kg1 Qa1+ 36. Kh2 Qe5+ 37. Kg1 1/2-1/2

[Event "X JUBILEUSZOWY MIEDZYNARODOWY TURNIEJ SZACHOWY - GORA SW. ANNY - OPEN A"]
[Site "Gora Sw. Anny"]
[Date "1899-12-30"]
[Round "6.10"]
[White "Domanski, Lukasz"]
[Black "Godzwon, Iwo"]
[Result "1-0"]
[WhiteTitle "I++"]
[BlackTitle "k"]
[WhiteElo "2026"]
[BlackElo "2039"]

1. e4 c5 2. Nf3 Nc6 3. d4 cxd4 4. Nxd4 g6 5. c4 Bg7 6. Be3 Nf6 7. Nc3 O-O 8. Be2
d6 9. O-O Bd7 10. Qd2 Nxd4 11. Bxd4 Bc6 12. Bd3 Nd7 13. Bxg7 Kxg7 14. Rae1 a5
15. Re3 h5 16. Kh1 e5 17. Bb1 Qe7 18. Rd3 Nb6 19. b3 Rad8 20. Rd1 Nc8 21. c5 Rd7
22. cxd6 Qf6 23. Nd5 Bxd5 24. Rxd5 b6 25. f4 Re8 26. Bd3 Rxd6 27. Bb5 Rxd5 28.
Qxd5 Ne7 29. fxe5 Qg5 30. Qd6 Rc8 31. Rf1 Kh6 32. Bc4 Rc5 33. Qd8 Qxe5 34. Qf8+
Kg5 35. Qxf7 Qxe4 36. Qf6+ Kh6 37. h4 Qe5 38. Qf8+ Qg7 39. Qxg7+ Kxg7 40. Rf7+
Kh6 41. Rxe7 b5 42. Bd3 Rd5 43. Be4 Rd2 44. Re6 Rxa2 45. Rxg6+ Kh7 46. Rg5+ 1-0

[Event "X JUBILEUSZOWY MIEDZYNARODOWY TURNIEJ SZACHOWY - GORA SW. ANNY - OPEN A"]
[Site "Gora Sw. Anny"]
[Date "1899-12-30"]
[Round "6.11"]
[White "Fukowski, Pawel"]
[Black "Pniaczek, Marek"]
[Result "1-0"]
[WhiteTitle "k"]
[BlackTitle "CM"]
[WhiteElo "2158"]
[BlackElo "2143"]

1. d4 Nf6 2. Nf3 c5 3. e3 d5 4. c4 e6 5. Nc3 dxc4 6. Bxc4 a6 7. a4 Nc6 8. O-O Be7
9. b3 Qc7 10. Bb2 O-O 11. Qe2 Rd8 12. Rfd1 b6 13. d5 exd5 14. Nxd5 Nxd5 15. Bxd5
Bf5 16. e4 Bg6 17. Ne5 Nxe5 18. Bxa8 Rxa8 19. f4 Nc6 20. f5 Bd6 21. h3 Re8 22.
fxg6 hxg6 23. Qxa6 Rxe4 24. Qd3 Re6 25. Re1 Ne5 26. Qd5 Qe7 27. Re3 f6 28. Kh1
Kh7 29. Rd1 Bb8 30. Qd8 Qb7 31. Bxe5 Bxe5 32. Qd3 Rd6 33. Qe2 Bd4 34. Re4 Qd7
35. Qc4 g5 36. Qe2 Kg6 37. Re7 Qc6 38. h4 Be5 39. hxg5 Rxd1+ 40. Qxd1 Qe4 41.
Rxe5 fxe5 42. Qd6+ Kxg5 43. Qxb6 Qh4+ 44. Kg1 Qd4+ 45. Kf1 e4 46. Qb8 Qd1+ 47.
Kf2 Qd2+ 48. Kf1 Qd3+ 49. Ke1 Qe3+ 50. Kf1 Qc1+ 51. Ke2 Qc2+ 52. Kf1 Qd1+ 53.
Kf2 Qd2+ 54. Kf1 e3 55. Qe5+ Kh6 56. Qf4+ g5 57. Qf6+ Kh5 58. Qf7+ Kh4 59. Qc4+
g4 60. Qe2 Qd4 61. a5 Kg5 62. g3 Kf5 63. a6 Qe4 64. Kg1 Kg6 65. a7 Qb1+ 66. Kh2
Qa1 67. Qxg4+ Kf6 68. Qf3+ 1-0

[Event "X JUBILEUSZOWY MIEDZYNARODOWY TURNIEJ SZACHOWY - GORA SW. ANNY - OPEN A"]
[Site "Gora Sw. Anny"]
[Date "1899-12-30"]
[Round "6.12"]
[White "Kucharska, Honorata"]
[Black "Fiedorek, Michal"]
[Result "1/2-1/2"]
[WhiteTitle "k+"]
[BlackTitle "I"]
[WhiteElo "2098"]
[BlackElo "1872"]

1. e4 c5 2. b3 g6 3. Bb2 Nf6 4. e5 Nd5 5. c4 Nc7 6. f4 Bg7 7. Nf3 Nc6 8. Nc3 d6
9. exd6 exd6 10. Qe2+ Be6 11. O-O-O O-O 12. h3 d5 13. d3 Nd4 14. Nxd4 Bxd4 15.
g3 Rb8 16. Bg2 b5 17. cxd5 Nxd5 18. Nxd5 Bxd5 19. Bxd4 cxd4 20. Bxd5 Qxd5 21.
g4 Rbc8+ 22. Kb1 Rc3 23. f5 Rfc8 24. Rhf1 Qc5 25. Qe1 Rxd3 26. Rc1 Rc3 27. f6
Qg5 28. Rd1 d3 29. Qd2 Qc5 30. Qh6 Qf8 31. Qxf8+ Kxf8 32. Rf3 Rd8 33. g5 Rd5 34.
h4 Rd4 35. Rh3 Ke8 36. Re3+ Kd8 37. Re7 Rc7 38. Re3 Rc3 39. Re7 Rc7 40. Re3 Rc3
1/2-1/2

[Event "X JUBILEUSZOWY MIEDZYNARODOWY TURNIEJ SZACHOWY - GORA SW. ANNY - OPEN A"]
[Site "Gora Sw. Anny"]
[Date "1899-12-30"]
[Round "7.1"]
[White "Piotrowski, Przemyslaw"]
[Black "Gumularz, Szymon"]
[Result "1/2-1/2"]
[WhiteTitle "k+"]
[BlackTitle "I++"]
[WhiteElo "2324"]
[BlackElo "2359"]

1. d4 Nf6 2. Nf3 e6 3. g3 b5 4. Bg2 Bb7 5. O-O c5 6. c3 cxd4 7. cxd4 Be7 8. a4
b4 9. Nbd2 O-O 10. Nb3 d6 11. Re1 a5 12. Bg5 Nbd7 13. Nbd2 d5 14. e3 h6 15. Bxf6
Bxf6 16. Bf1 Rc8 17. Nb3 Qb6 18. Qe2 Rc4 19. Nfd2 Rc2 20. Rab1 Rfc8 21. Qb5 Bc6
22. Qxb6 Nxb6 23. Bd3 Rxd2 24. Nxd2 Bxa4 25. Rec1 Ra8 26. Ra1 e5 27. e4 Bg5 28.
f4 exf4 29. h4 Be7 30. gxf4 dxe4 31. Bxe4 Rd8 32. Nf3 Bf6 33. Bc6 Bb3 34. Rxa5
Bxd4+ 35. Nxd4 Rxd4 36. Rb5 Na4 37. Rb8+ Kh7 38. Bxa4 Bxa4 39. f5 Bd7 40. Rc5
Rxh4 41. Rd5 Ba4 42. Rdd8 g5 43. fxg6+ Kxg6 44. Rb6+ Kg5 45. Rg8+ Kf5 46. Rgb8
Bc2 47. Rxb4 Be4 48. R8b5+ Kg6 49. Rb8 Kg5 50. Kf2 f5 51. Ke3 Rh3+ 52. Kd4 Kf4
53. Rb3 Rxb3 54. Rxb3 h5 55. Rb6 h4 56. Rh6 Kg3 57. Ke3 Bf3 58. Rxh4 Kxh4 59.
Kxf3 Kg5 60. b4 Kf6 61. Ke4 Ke5+ 1/2-1/2

[Event "X JUBILEUSZOWY MIEDZYNARODOWY TURNIEJ SZACHOWY - GORA SW. ANNY - OPEN A"]
[Site "Gora Sw. Anny"]
[Date "1899-12-30"]
[Round "7.2"]
[White "Czopor, Maciej"]
[Black "Kosakowski, Jakub"]
[Result "0-1"]
[WhiteTitle "I++"]
[BlackTitle "k"]
[WhiteElo "2134"]
[BlackElo "2277"]

1. e4 e5 2. Nf3 Nc6 3. Bb5 a6 4. Ba4 Nf6 5. O-O Nxe4 6. d4 b5 7. Bb3 d5 8. dxe5
Be6 9. Nbd2 Nc5 10. c3 Be7 11. Bc2 d4 12. Nb3 d3 13. Bb1 Nxb3 14. axb3 Bf5 15.
Be3 O-O 16. Bd4 Qd5 17. Bxd3 Bxd3 18. Qxd3 Qxb3 19. Qe4 Qe6 20. Rfe1 Rfd8 21.
b4 a5 22. bxa5 Nxa5 23. h4 c5 24. Be3 Qg6 25. Qb1 Qxb1 26. Rexb1 Rdb8 27. Nd2
b4 28. cxb4 cxb4 29. h5 h6 30. f4 f6 31. e6 f5 32. Kf2 Bf6 33. Ra4 Bc3 34. Ke2
Re8 35. g3 Rxe6 36. Nc4 Nxc4 37. Rxa8+ Kh7 38. Rd1 Rxe3+ 39. Kf2 Re7 40. Rdd8
g6 41. hxg6+ Kxg6 42. Rac8 Nd2 43. Rc6+ Kh7 44. Rd5 b3 45. Rb5 Bd4+ 46. Kg2 Re2+
47. Kh1 Nf3 48. Rb7+ Bg7 0-1

[Event "X JUBILEUSZOWY MIEDZYNARODOWY TURNIEJ SZACHOWY - GORA SW. ANNY - OPEN A"]
[Site "Gora Sw. Anny"]
[Date "1899-12-30"]
[Round "7.3"]
[White "Kaczmarek, Aleksander"]
[Black "Hnydiuk, Aleksander"]
[Result "1-0"]
[WhiteTitle "FM"]
[BlackTitle "IM"]
[WhiteElo "2321"]
[BlackElo "2403"]

1. e4 e5 2. d4 exd4 3. Nf3 Nc6 4. Bc4 Bc5 5. O-O d6 6. c3 Bg4 7. cxd4 Nxd4 8. Nbd2
Nf6 9. b4 Bb6 10. Bb2 O-O 11. h3 Nxf3+ 12. Nxf3 Be6 13. Bd3 d5 14. e5 Ne4 15.
Qc2 a5 16. b5 Qe7 17. a4 Qc5 18. Qb1 Qb4 19. Qc2 Qc5 20. Qb1 Qb4 21. Qc1 Nc5 22.
Bc2 Nb3 23. Bxb3 Qxb3 24. Nd4 Qd3 25. Ra3 Qe4 26. Re1 Qh4 27. Qd2 Rac8 28. Rg3
c5 29. bxc6 bxc6 30. Kh2 c5 31. Nb5 Kh8 32. f4 Rcd8 33. f5 Qxa4 34. fxe6 fxe6
35. Nd6 Qf4 36. Qd1 c4 37. Bc1 Qf2 38. Be3 Bxe3 39. Rexe3 Qf4 40. Ref3 Qxe5 41.
Nf7+ Rxf7 42. Rxf7 d4 43. Qg4 h5 44. Qh4 1-0

[Event "X JUBILEUSZOWY MIEDZYNARODOWY TURNIEJ SZACHOWY - GORA SW. ANNY - OPEN A"]
[Site "Gora Sw. Anny"]
[Date "1899-12-30"]
[Round "7.4"]
[White "Nowak, Kamil"]
[Black "Lewicki, Miroslaw"]
[Result "1-0"]
[WhiteTitle "m"]
[BlackTitle "CM"]
[WhiteElo "2306"]
[BlackElo "2318"]

1. e4 c5 2. Nf3 d6 3. d4 cxd4 4. Nxd4 Nf6 5. Nc3 a6 6. Be3 e6 7. f3 Qc7 8. Qd2
Be7 9. O-O-O Nc6 10. g4 b5 11. g5 Nh5 12. Kb1 Nxd4 13. Bxd4 b4 14. Ne2 e5 15.
Be3 Be6 16. Ng3 Nf4 17. Bxf4 exf4 18. Nf5 Bxf5 19. exf5 d5 20. f6 gxf6 21. gxf6
Bxf6 22. Re1+ Kf8 23. Qxd5 Rd8 24. Qe4 Qd6 25. Bc4 a5 26. Rhg1 Qd4 27. Qxd4 Rxd4
28. Bb5 Be7 29. Re5 Rd2 30. Bc4 Rg8 31. Rxg8+ Kxg8 32. Kc1 Rd4 33. Rxe7 Rxc4 34.
Re5 a4 35. Kd2 Rd4+ 36. Ke2 Rd6 37. Re4 b3 38. axb3 axb3 39. cxb3 Rh6 40. Kd3
Rxh2 41. Kc3 Kf8 42. b4 Rf2 43. Rxf4 Ke7 44. b5 Kd6 45. Rc4 Rxf3+ 46. Kb4 Re3
47. b6 Re8 48. Kb5 Rb8 49. Rc6+ Ke5 50. Rc7 f5 51. b7 f4 52. Kb6 Kd5 1-0

[Event "X JUBILEUSZOWY MIEDZYNARODOWY TURNIEJ SZACHOWY - GORA SW. ANNY - OPEN A"]
[Site "Gora Sw. Anny"]
[Date "1899-12-30"]
[Round "7.5"]
[White "Grela, Kacper"]
[Black "Sliwicka, Alicja"]
[Result "1-0"]
[WhiteTitle "FM"]
[BlackTitle "WFM"]
[WhiteElo "2320"]
[BlackElo "2171"]

1. e4 e5 2. Nf3 Nc6 3. Bb5 a6 4. Ba4 Nf6 5. O-O Be7 6. d3 b5 7. Bb3 d6 8. a3 Na5
9. Ba2 c5 10. Nc3 O-O 11. b4 Nb7 12. Nd5 Nxd5 13. Bxd5 Qc7 14. Be3 Rb8 15. c4
Be6 16. Qd2 Bxd5 17. cxd5 f5 18. exf5 Rxf5 19. Qe2 Rbf8 20. Nd2 Bg5 21. Bxg5 Rxg5
22. Ne4 Rg6 23. f3 Qf7 24. Qa2 Qf4 25. Rae1 Rc8 26. Kh1 h5 27. g3 Qf7 28. f4 c4
29. f5 Rh6 30. dxc4 Rxc4 31. Qg2 h4 32. g4 h3 33. Qf3 Rd4 34. f6 gxf6 35. g5 Rh4
36. gxf6 Kf8 37. Ng5 Qxd5 38. Qxd5 Rxd5 39. Rc1 Nc5 40. bxc5 dxc5 41. Rcd1 Rxd1
42. Rxd1 Ke8 43. f7+ Ke7 44. Rd7+ 1-0

[Event "X JUBILEUSZOWY MIEDZYNARODOWY TURNIEJ SZACHOWY - GORA SW. ANNY - OPEN A"]
[Site "Gora Sw. Anny"]
[Date "1899-12-30"]
[Round "7.6"]
[White "Kowalczyk, Pawel"]
[Black "Domanski, Lukasz"]
[Result "1-0"]
[WhiteTitle "k+"]
[BlackTitle "I++"]
[WhiteElo "2372"]
[BlackElo "2026"]

1. d4 d6 2. Nf3 g6 3. g3 Bg7 4. Bg2 Nd7 5. O-O e5 6. c4 exd4 7. Nxd4 Ne7 8. Nc3
O-O 9. e3 Nb6 10. b3 c5 11. Nde2 d5 12. Ba3 d4 13. Bxc5 dxc3 14. Qxd8 Rxd8 15.
Bxe7 Rd2 16. Nd4 c2 17. Rac1 Bf5 18. Bb4 Rxd4 19. exd4 Bxd4 20. Rfe1 Bb2 21. Rxc2
Bxc2 22. Re2 Bf6 23. Rxc2 Rb8 24. Rd2 Be5 25. f4 Bf6 26. c5 Nc8 27. Rd7 1-0

[Event "X JUBILEUSZOWY MIEDZYNARODOWY TURNIEJ SZACHOWY - GORA SW. ANNY - OPEN A"]
[Site "Gora Sw. Anny"]
[Date "1899-12-30"]
[Round "7.7"]
[White "Kocwin, Bartosz"]
[Black "Dmochowska, Agnieszka"]
[Result "1-0"]
[WhiteTitle "FM"]
[BlackTitle "WCM"]
[WhiteElo "2217"]
[BlackElo "2184"]

1. d4 d5 2. c4 e6 3. Nf3 Nf6 4. Bg5 Be7 5. Nc3 O-O 6. e3 h6 7. Bh4 Ne4 8. Bxe7
Qxe7 9. Bd3 Nxc3 10. bxc3 Nd7 11. Qc2 dxc4 12. Bxc4 e5 13. O-O e4 14. Nd2 Nf6
15. Rae1 Be6 16. Bxe6 Qxe6 17. f3 Rfe8 18. c4 Rad8 19. f4 Qf5 20. a4 Rd6 21. Nf3
Qa5 22. Ne5 Ra6 23. Ra1 Ree6 24. c5 c6 25. Rfb1 Nd5 26. Rxb7 Nxe3 27. Rb8+ Kh7
28. Qxe4+ g6 29. Qxe3 f6 30. Rb7+ Kg8 31. Qb3 1-0

[Event "X JUBILEUSZOWY MIEDZYNARODOWY TURNIEJ SZACHOWY - GORA SW. ANNY - OPEN A"]
[Site "Gora Sw. Anny"]
[Date "1899-12-30"]
[Round "7.8"]
[White "Antolak, Julia"]
[Black "Wisniewski, Michal"]
[Result "0-1"]
[WhiteTitle "WFM"]
[BlackTitle "k+"]
[WhiteElo "2074"]
[BlackElo "2132"]

1. e4 c5 2. Nf3 g6 3. d4 cxd4 4. Nxd4 Bg7 5. c4 Nc6 6. Be3 Nf6 7. Nc3 O-O 8. Be2
d6 9. O-O Bd7 10. f3 Nxd4 11. Bxd4 Bc6 12. b4 Nh5 13. Rc1 Bxd4+ 14. Qxd4 Nf4 15.
Rfd1 e5 16. Qf2 b6 17. c5 bxc5 18. bxc5 f5 19. h4 fxe4 20. Rxd6 Qc8 21. Bc4+ Kg7
22. Qe3 Nxg2 23. Qg5 exf3 24. Qxe5+ Kh6 25. Qg5+ Kg7 26. h5 f2+ 27. Kf1 Qf5 28.
h6+ Kh8 29. Qe7 Ne3+ 30. Qxe3 Rae8 31. Be6 Bg2+ 32. Kxg2 f1=Q+ 33. Rxf1 Qxf1+
34. Kg3 Rf5 35. Bxf5 Rxe3+ 0-1

[Event "X JUBILEUSZOWY MIEDZYNARODOWY TURNIEJ SZACHOWY - GORA SW. ANNY - OPEN A"]
[Site "Gora Sw. Anny"]
[Date "1899-12-30"]
[Round "7.9"]
[White "Kiolbasa, Oliwia"]
[Black "Fukowski, Pawel"]
[Result "1-0"]
[WhiteTitle "WIM"]
[BlackTitle "k"]
[WhiteElo "2208"]
[BlackElo "2158"]

1. e4 e6 2. d4 d5 3. Nc3 Bb4 4. e5 c5 5. a3 Bxc3+ 6. bxc3 Ne7 7. h4 Qa5 8. Bd2
Qa4 9. h5 h6 10. Nf3 Nbc6 11. Rh4 c4 12. Rg4 Rg8 13. g3 Bd7 14. Bh3 O-O-O 15.
Kf1 Rdf8 16. Kg2 b5 17. Kh2 Kb7 18. Rf4 Ka8 19. Ra2 Nd8 20. Nh4 Qa5 21. Qf3 Qc7
22. Ra1 Be8 23. a4 bxa4 24. Bc1 Rh8 25. Ba3 Rfg8 26. Rb1 Nec6 27. Ng2 Nb7 28.
Ne3 Qd7 29. Bg4 a6 30. Qh1 Ka7 31. Nxd5 Qxd5 32. Bf3 Qd7 33. d5 Nxe5 34. dxe6
Nxf3+ 35. Qxf3 fxe6 36. Qe3+ Ka8 37. Rxc4 Qd8 38. Be7 Bb5 39. Bxd8 Rxd8 40. Rc7
Rc8 41. Qb6 Rxc7 42. Qxc7 Rf8 43. c4 Rxf2+ 44. Kh3 Rxc2 45. Qxg7 Rxc4 46. Qxh6
Nc5 47. Qf8+ Ka7 48. h6 Ne4 49. Qg7+ Kb6 50. h7 1-0

[Event "X JUBILEUSZOWY MIEDZYNARODOWY TURNIEJ SZACHOWY - GORA SW. ANNY - OPEN A"]
[Site "Gora Sw. Anny"]
[Date "1899-12-30"]
[Round "7.10"]
[White "Samborski, Henryk"]
[Black "Garbowski, Jakub"]
[Result "1-0"]
[WhiteTitle "k"]
[BlackTitle "k"]
[WhiteElo "2097"]
[BlackElo "2059"]

1. e4 c5 2. Nf3 e6 3. d3 Nc6 4. g3 d5 5. Nbd2 g6 6. Bg2 Bg7 7. O-O Nge7 8. Re1
O-O 9. e5 Qc7 10. Qe2 g5 11. Nxg5 Qxe5 12. Qxe5 Nxe5 13. Nb3 b6 14. d4 cxd4 15.
Nxd4 Bd7 16. Bf1 Rac8 17. c3 Nc4 18. Bd3 h6 19. Ngf3 Rfd8 20. b3 Nd6 21. Bb2 Nc6
22. Ba6 Nxd4 23. Nxd4 Rc7 24. Rac1 Ne4 25. Bd3 Nc5 26. Bb1 Bc8 27. Nb5 Rcd7 28.
Rcd1 Ba6 29. Nd4 Rc8 30. f4 Bf6 31. Re3 Rdc7 32. g4 Nb7 33. g5 hxg5 34. fxg5 Bh8
35. g6 e5 36. gxf7+ Rxf7 37. Nf5 Rf6 38. Ne7+ 1-0

[Event "X JUBILEUSZOWY MIEDZYNARODOWY TURNIEJ SZACHOWY - GORA SW. ANNY - OPEN A"]
[Site "Gora Sw. Anny"]
[Date "1899-12-30"]
[Round "7.11"]
[White "Godzwon, Iwo"]
[Black "Lukasiewicz, Krzysztof"]
[Result "1/2-1/2"]
[WhiteTitle "k"]
[BlackTitle "k"]
[WhiteElo "2039"]
[BlackElo "2152"]

1. e4 c6 2. d4 d5 3. Nd2 dxe4 4. Nxe4 Bf5 5. Ng3 Bg6 6. h4 h6 7. Nf3 e6 8. Ne5
Bh7 9. Bd3 Bxd3 10. Qxd3 Nd7 11. Nxd7 Qxd7 12. Be3 Nf6 13. O-O-O Be7 14. Kb1 O-O
15. Ne4 Nxe4 16. Qxe4 Qd5 17. Qd3 Rfd8 18. Qe2 e5 19. Qg4 Bf6 20. Bxh6 exd4 21.
Bg5 Rd6 22. Bxf6 Rxf6 23. Rxd4 Rg6 24. Qxg6 Qxd4 25. Qg3 Re8 26. a3 Re2 27. Qb8+
Kh7 28. Qxb7 Qe4 29. Rc1 Rxf2 30. Qxa7 Qxg2 31. Qd7 Qe4 32. Qd3 f5 33. Qxe4 fxe4
34. Re1 Rf4 35. a4 Rxh4 36. a5 Kg6 37. Kc1 Kf5 38. Rf1+ Ke5 39. a6 e3 40. Kd1
Ra4 41. Rf7 Rxa6 1/2-1/2

[Event "X JUBILEUSZOWY MIEDZYNARODOWY TURNIEJ SZACHOWY - GORA SW. ANNY - OPEN A"]
[Site "Gora Sw. Anny"]
[Date "1899-12-30"]
[Round "7.12"]
[White "Pniaczek, Marek"]
[Black "Kucharska, Honorata"]
[Result "0-1"]
[WhiteTitle "CM"]
[BlackTitle "k+"]
[WhiteElo "2143"]
[BlackElo "2098"]

1. e4 d6 2. d4 Nf6 3. Nc3 e5 4. Nf3 Nbd7 5. Bc4 Be7 6. O-O O-O 7. h3 c6 8. a4 a5
9. Ba2 h6 10. Qe2 Nh7 11. Rd1 Bf6 12. Be3 Qe7 13. Rd2 Re8 14. Rad1 exd4 15. Nxd4
Nc5 16. f3 d5 17. Qf2 dxe4 18. fxe4 Nxe4 19. Nxe4 Qxe4 20. Re2 Qg6 21. Kh1 Qh5
22. Qg3 c5 23. Nf3 Be6 24. Bxe6 Rxe6 25. Rde1 Rae8 26. Qf2 Bxb2 27. Bf4 Nf8 28.
c4 Bd4 29. Nxd4 cxd4 30. Rxe6 Rxe6 31. Rb1 Qf5 32. Rxb7 Qe4 33. Rb3 d3 34. Qd2
Qe1+ 35. Kh2 Qf1 36. Be3 Rg6 37. g3 Qf3 38. Bf4 Re6 0-1

[Event "X JUBILEUSZOWY MIEDZYNARODOWY TURNIEJ SZACHOWY - GORA SW. ANNY - OPEN A"]
[Site "Gora Sw. Anny"]
[Date "1899-12-30"]
[Round "7.13"]
[White "Fiedorek, Michal"]
[Black "Michalski, Filip"]
[Result "1-0"]
[WhiteTitle "I"]
[BlackTitle "k"]
[WhiteElo "1872"]
[BlackElo "2045"]

1. e4 e6 2. d4 d5 3. Nd2 Be7 4. Ngf3 Nf6 5. e5 Nfd7 6. Bd3 c5 7. O-O b6 8. Re1
Ba6 9. Nf1 O-O 10. c4 Nc6 11. cxd5 Bxd3 12. dxc6 Bxf1 13. Rxf1 Nb8 14. Be3 Nxc6
15. dxc5 bxc5 16. Rc1 Qb6 17. Qc2 Nb4 18. Qc4 Rac8 19. Bg5 Nd5 20. Bxe7 Nxe7 21.
b3 h6 22. Rfd1 Rfd8 23. h3 Rd5 24. Rxd5 exd5 25. Qg4 Rd8 26. Ne1 d4 27. Nd3 Rd5
28. Qe4 a5 29. Rc4 Qb5 30. e6 f5 31. Qf3 Qb6 32. Nf4 Rd8 33. Qd3 Qd6 34. g3 Qe5
35. Rc1 g5 36. Ng2 Rd5 37. Re1 Qd6 38. h4 Re5 39. hxg5 hxg5 40. Qd2 Rxe1+ 41.
Nxe1 Qxe6 42. Qxg5+ Kf8 43. Nd3 Qd5 44. Qc1 Qf3 45. Nxc5 Nd5 46. Ne6+ Ke7 47.
Nxd4 Qe4 48. Qg5+ Kd6 49. Nxf5+ Kc5 50. Ne3 Qb1+ 51. Kg2 Qe4+ 52. Kf1 Qb1+ 53.
Ke2 Qxa2+ 54. Kf3 Qxb3 55. Qxd5+ Qxd5+ 56. Nxd5 Kxd5 57. Ke2 Kc4 58. Kd2 Kb3 59.
Kc1 Ka2 60. g4 a4 61. g5 a3 62. g6 Ka1 63. g7 a2 64. Kd2 1-0

[Event "X JUBILEUSZOWY MIEDZYNARODOWY TURNIEJ SZACHOWY - GORA SW. ANNY - OPEN A"]
[Site "Gora Sw. Anny"]
[Date "1899-12-30"]
[Round "8.1"]
[White "Gumularz, Szymon"]
[Black "Czopor, Maciej"]
[Result "1-0"]
[WhiteTitle "I++"]
[BlackTitle "I++"]
[WhiteElo "2359"]
[BlackElo "2134"]

1. f4 d5 2. Nf3 Nf6 3. g3 g6 4. Bg2 Bg7 5. O-O O-O 6. d3 c5 7. Qe1 d4 8. Na3 Nc6
9. Bd2 Re8 10. Nc4 Nd5 11. c3 h6 12. Nfe5 Be6 13. Nxc6 bxc6 14. cxd4 cxd4 15.
Rc1 Qd7 16. Qf2 Qb7 17. Rc2 Rac8 18. Rfc1 Qb5 19. a3 c5 20. g4 Ne3 21. Nxe3 dxe3
22. Bxe3 Bxg4 23. Bxc5 Qb3 24. d4 Red8 25. e3 Bf6 26. h3 Bf5 27. Rc3 Qb5 28. e4
Rxc5 29. Rxc5 Qd3 30. R5c3 Qxd4 31. exf5 Qxf2+ 32. Kxf2 Rd2+ 33. Kg3 Bxc3 34.
bxc3 gxf5 35. c4 Rd7 36. c5 Kg7 37. c6 Rc7 38. Rd1 Kf6 39. Rd7 Rc8 40. Rxa7 Ke6
41. a4 Kd6 42. a5 f6 43. Rd7+ Ke6 44. Bd5# Kxd5 1-0

[Event "X JUBILEUSZOWY MIEDZYNARODOWY TURNIEJ SZACHOWY - GORA SW. ANNY - OPEN A"]
[Site "Gora Sw. Anny"]
[Date "1899-12-30"]
[Round "8.2"]
[White "Kosakowski, Jakub"]
[Black "Nowak, Kamil"]
[Result "1-0"]
[WhiteTitle "k"]
[BlackTitle "m"]
[WhiteElo "2277"]
[BlackElo "2306"]

1. e4 c5 2. Nf3 d6 3. d4 cxd4 4. Nxd4 Nf6 5. Nc3 Nc6 6. Bg5 e6 7. Qd2 a6 8. O-O-O
h6 9. Nxc6 bxc6 10. Bf4 d5 11. Qe3 Bb4 12. a3 Ba5 13. f3 O-O 14. h4 Qb6 15. Qe1
c5 16. Na4 Qd8 17. Qf2 Bc7 18. Bxc7 Qxc7 19. Nxc5 dxe4 20. Nxe4 Nxe4 21. fxe4
e5 22. Rd3 Be6 23. Rc3 Qb7 24. Bc4 Qxe4 25. Bxe6 fxe6 26. Qg3 Qf4+ 27. Kb1 Rac8
28. Rd1 Rxc3 29. Qxc3 e4 30. Qc6 Qxh4 31. Qxe6+ Kh7 32. Ka2 Rf6 33. Qe7 Rf4 34.
Qxh4 Rxh4 35. c4 Kg6 36. c5 Kf7 37. c6 e3 38. Rc1 e2 39. Kb3 Re4 40. c7 Re8 41.
Re1 Rc8 42. Rxe2 Rxc7 43. Kb4 g5 44. Ka5 Rc6 45. b4 h5 46. a4 h4 47. b5 axb5 48.
axb5 Rc1 49. b6 Ra1+ 50. Kb5 Rb1+ 51. Kc6 g4 52. Re4 h3 53. gxh3 gxh3 54. Rh4
Rb3 55. b7 Rc3+ 56. Kd5 Rd3+ 57. Kc4 Rd8 58. Rxh3 Rb8 59. Kc5 Ke6 60. Kc6 1-0

[Event "X JUBILEUSZOWY MIEDZYNARODOWY TURNIEJ SZACHOWY - GORA SW. ANNY - OPEN A"]
[Site "Gora Sw. Anny"]
[Date "1899-12-30"]
[Round "8.3"]
[White "Kaczmarek, Aleksander"]
[Black "Piotrowski, Przemyslaw"]
[Result "1-0"]
[WhiteTitle "FM"]
[BlackTitle "k+"]
[WhiteElo "2321"]
[BlackElo "2324"]

1. e4 c5 2. Nf3 d6 3. d4 cxd4 4. Nxd4 Nf6 5. Nc3 Nc6 6. Nb3 g6 7. Be2 Bg7 8. O-O
O-O 9. Bg5 h6 10. Bh4 Bd7 11. Re1 Rc8 12. Bf1 Ne5 13. Nd5 Nxd5 14. exd5 Re8 15.
c3 Qb6 16. Kh1 Bb5 17. f4 Bxf1 18. fxe5 Bc4 19. e6 f5 20. Qd2 Qb5 21. Red1 a6
22. Bf2 Bxb3 23. axb3 Qxb3 24. Rf1 Rc4 25. Be3 Rh4 26. g3 Rh5 27. Rf4 Rc8 28.
Rb4 Bxc3 29. bxc3 Qxc3 30. Qxc3 Rxc3 31. Bg1 Rc7 32. Rab1 b5 33. Ra1 f4 34. Rxf4
Rxd5 35. Rxa6 Rf5 36. Ra8+ Kh7 37. Bd4 Rc1+ 38. Kg2 Rc2+ 39. Kf3 Rxf4+ 40. gxf4
g5 41. f5 g4+ 42. Kg3 1-0

[Event "X JUBILEUSZOWY MIEDZYNARODOWY TURNIEJ SZACHOWY - GORA SW. ANNY - OPEN A"]
[Site "Gora Sw. Anny"]
[Date "1899-12-30"]
[Round "8.4"]
[White "Hnydiuk, Aleksander"]
[Black "Kowalczyk, Pawel"]
[Result "1-0"]
[WhiteTitle "IM"]
[BlackTitle "k+"]
[WhiteElo "2403"]
[BlackElo "2372"]

1. Nf3 g6 2. c4 Bg7 3. d4 d6 4. Nc3 c6 5. g3 Nd7 6. Bg2 Ngf6 7. O-O O-O 8. e4 e5
9. h3 Re8 10. Be3 a6 11. d5 c5 12. a4 Rb8 13. Ne1 Nb6 14. b3 Bd7 15. Nd3 Na8 16.
a5 Re7 17. Qd2 Be8 18. Rfb1 Rc7 19. b4 b6 20. Qa2 cxb4 21. Nxb4 bxa5 22. Nxa6
Rxb1+ 23. Rxb1 Rc8 24. Rb7 a4 25. Nb5 Qa5 26. Nb8 Bf8 27. Kh2 Nc7 28. Bb6 Qa8
29. Rxc7 Qxb8 30. Rxc8 Qxc8 31. Qxa4 Nd7 32. Be3 Nc5 33. Qa7 Bd7 34. Nc7 Be7 35.
Na8 Na4 36. Nb6 Nxb6 37. Bxb6 Kf8 38. Bc7 Be8 39. Qb6 Qd7 40. Bf3 f5 41. Bg2 h5
42. exf5 gxf5 43. c5 h4 44. c6 Qc8 45. Qb8 Qxb8 46. Bxb8 Kf7 47. Bf1 Kf6 48. Ba6
hxg3+ 49. fxg3 e4 50. c7 Bd7 51. c8=Q Bxc8 52. Bxc8 Ke5 53. Be6 e3 54. Kg2 f4
55. Kf3 fxg3 56. Kxe3 Bh4 57. Kf3 1-0

[Event "X JUBILEUSZOWY MIEDZYNARODOWY TURNIEJ SZACHOWY - GORA SW. ANNY - OPEN A"]
[Site "Gora Sw. Anny"]
[Date "1899-12-30"]
[Round "8.5"]
[White "Lewicki, Miroslaw"]
[Black "Grela, Kacper"]
[Result "1-0"]
[WhiteTitle "CM"]
[BlackTitle "FM"]
[WhiteElo "2318"]
[BlackElo "2320"]

1. e4 c5 2. Nf3 d6 3. c4 e5 4. Nc3 Nc6 5. g3 f5 6. d3 Nf6 7. Bg2 Be7 8. O-O O-O
9. exf5 Bxf5 10. Ng5 Qd7 11. f4 Kh8 12. Nge4 Rae8 13. fxe5 dxe5 14. Nxf6 Bxf6
15. Nd5 e4 16. dxe4 Bxe4 17. Bxe4 Rxe4 18. Bg5 Qe6 19. Bxf6 gxf6 20. Qd2 f5 21.
Rae1 Nd4 22. Rxe4 Qxe4 23. Qh6 Rf7 24. Nf4 Qe3+ 25. Kg2 Qe4+ 26. Kh3 Rg7 27. Qd6
h6 28. Qxc5 Nf3 29. Qd5 Ng5+ 30. Kh4 Qc2 31. h3 Nf7 32. Qd4 Kh7 33. Rf2 Ne5 34.
g4 fxg4 35. Ne6 g3 36. Qxe5 Qg6 37. Nf8+ 1-0

[Event "X JUBILEUSZOWY MIEDZYNARODOWY TURNIEJ SZACHOWY - GORA SW. ANNY - OPEN A"]
[Site "Gora Sw. Anny"]
[Date "1899-12-30"]
[Round "8.6"]
[White "Sliwicka, Alicja"]
[Black "Kocwin, Bartosz"]
[Result "1/2-1/2"]
[WhiteTitle "WFM"]
[BlackTitle "FM"]
[WhiteElo "2171"]
[BlackElo "2217"]

1. e4 e5 2. Nf3 Nc6 3. Bb5 a6 4. Ba4 Nf6 5. O-O b5 6. Bb3 Bd6 7. d4 O-O 8. Re1
Bb7 9. c3 h6 10. Bc2 Re8 11. Nbd2 Bf8 12. Nxe5 Nxe5 13. dxe5 Rxe5 14. Nf3 Re8
15. e5 Nd5 16. Qd3 g6 17. Nd4 Bg7 18. Qg3 Ne7 19. h4 c5 20. Nf3 Bxf3 21. gxf3
Qb6 22. Bf4 Nd5 23. Rad1 Nxf4 24. Qxf4 Re7 25. Qg3 Rae8 26. f4 d6 27. e6 Rxe6
28. Rxe6 Rxe6 29. h5 d5 30. hxg6 fxg6 31. Rxd5 Re1+ 32. Kh2 Qc6 33. Qg2 Qf6 34.
Qg4 Qc6 35. Qg2 Qf6 36. Qg4 Qc6 37. Qg2 Qf6 38. Qg4 1/2-1/2